The theory of wages /

Hlavní autor: Douglas, Paul H. 1892-1976
Jazyk: Angličtina
Vydáno: New York : The Macmillan Co., 1934
Témata:
Fyzický popis: IX, 639 stran
Knihy
Uloženo v:
LEADER 00860nam a22002772i 4500
001 001502585
003 CZ BrMZK
005 20160511135734.0
007 ta
008 151218s1934 xxu er|||||||||||eng d
040 |a BOA001  |b cze  |e rda 
072 7 |a 331  |x Práce  |2 Konspekt  |9 4 
080 |a 331.2  |2 MRF 
100 1 |a Douglas, Paul H.  |q (Paul Howard),  |d 1892-1976  |7 vse2011637916  |4 aut 
245 1 4 |a The theory of wages /  |c by Paul H. Douglas 
264 1 |a New York :  |b The Macmillan Co.,  |c 1934 
300 |a IX, 639 stran 
336 |a text  |b txt  |2 rdacontent 
337 |a bez média  |b n  |2 rdamedia 
338 |a svazek  |b nc  |2 rdacarrier 
650 0 7 |a mzdy  |7 ph123087  |2 czenas 
650 0 9 |a wages  |2 eczenas 
910 |a BOA001  |b 2-0245.366 
990 |a BK 
991 |b 201512 
996 7 |b 2618729157  |c 2-0245.366  |l MZK  |r Sklad / do 24 hodin  |n 0  |w 001537651  |u 000010  |a 1  |e BOA001  |j MZK50  |s A